El infierno con honra (Record no. 163516)

MARC details
000 -LEADER
campo de control de longitud fija 00800nam a22001815i 4500
001 - NÚMERO DE CONTROL
campo de control 163516
003 - IDENTIFICADOR DE NÚMERO DE CONTROL
campo de control ES-MaACL
005 - FECHA Y HORA DE LA ÚLTIMA TRANSACCIÓN
campo de control 20251012063055.0
008 - DATOS DE LONGITUD FIJA--INFORMACIÓN GENERAL
campo de control de longitud fija 951113s1870 sp |||| | spa d
040 ## - FUENTE DE CATALOGACIÓN
Centro catalogador/agencia de origen CARM
Lengua de catalogación spa
Centro/agencia transcriptor CCPB | SIC
100 1# - ENTRADA PRINCIPAL--NOMBRE DE PERSONA
Nombre de persona Rico y Amat, Juan,
Fechas asociadas al nombre 1821-1870
9 (RLIN) 131803
245 13 - MENCIÓN DEL TÍTULO
Título El infierno con honra
Resto del título : zarzuela bufo-politico-social en tres actos dedicada al ilustre iniciador de "La Gloriosa" D. Juan Bautista Topete /
Mención de responsabilidad, etc. por su autor Juan Rico y Amat.
250 ## - MENCION DE EDICION
Mención de edición 2ª ed.
260 ## - PUBLICACIÓN, DISTRIBUCIÓN, ETC.
Lugar de publicación, distribución, etc. Madrid :
Nombre del editor, distribuidor, etc. [s.n.],
Fecha de publicación, distribución, etc. 1870 (
Fabricante Estab. tip. de R. Vicente)
300 ## - DESCRIPCIÓN FÍSICA
Extensión [2], 96 p. ;
Dimensiones 20 cm.
852 ## - LOCALIZACIÓN
Ubicación ES-MaACL
Número de control de estantería F-8565(2)
Nota libre -- Enc. pasta española
-- -- Enc. en un vol. facticio formando parte de la col. facticia "Teatro español moderno", vol. 18
Holdings
Estatus retirado Estado de pérdida Estado de daño No para préstamo Colección Biblioteca de origen Biblioteca actual Ubicación en estantería Fecha de adquisición Total de préstamos Signatura topográfica completa Código de barras Visto por última vez Precio de reemplazo Tipo de ítem Koha
        Libros del s. XIX Biblioteca del Ateneo de Madrid Biblioteca del Ateneo de Madrid Sala Pecera Planta 2 17/01/2008   F-8565(2) 1171347 23/02/2023 23/02/2023 Libro impreso antiguo